000 01158nam1a22002411i 4500
001 rc\4589322
005 20240725231936.0
035 _a(NLR Aleph) 008660695
090 _a9059540
_c9059540
100 _a20130416d1963 |||y0rusy50 ca
101 1 _arus
_ceng
102 _aRU
105 _ay e |||||
200 1 _aМеждународный электротехнический словарь
_e[Пер. с 2-го англ. изд.]
_fМеждунар. электротехн. комис. Ком. по участию СССР в междунар. энерг. объединениях
210 _aМосква
_cФизматгиз
_d1963
215 _d21
300 _aДоп. тит. л.: International electrotechnical vocabulary. 2d ed. Group 11. Static convertors. Geneva, 1956. (Intern. electrotechn. commins. affiliated to the Intern. organisation for standardization ISO)
513 0 _aInternational electrotechnical vocabulary
606 _aЭлектротехника
_jТерминологические словари
_2psbo
801 0 _aRU
_bNLR
_gpsbo
801 1 _aRU
_bELAR
_2rusmarc
852 _aNLR
_j186полиг/Элек.М-43
942 _cBOOK